000 00702nam a2200265Ia 4500
003 OSt
005 20221006152636.0
006 a|||||r|||| 00| 0
007 ta
008 221006b |||||||| |||| 00| 0 chi d
020 _a9787506327817
_cYu 27.00
024 _a29,157
037 _bGift, PRC
_cTextual
040 _aEASL
_cEASL
_bchi
041 _2chi
_achi
082 _aO41,3, 41P4
100 _aQING Fan Xiao
_9661285
245 0 _aCheng shi biao qing
260 _aBeijing
_bZuojia chubanshe China
_c2003
300 _a547p.
_ccm.
490 _v CL
650 _aCL
_9642733
942 _hO41,3, 41P4
_cTEXL
_2CC
999 _c1097243
_d1097243